00627nam a22001697a 450000500170000000800410001702000180005805000180007610000230009424501350011725000350025226000560028730000390034365000310038270000230041370000210043620241118152314.0241118b |||||||| |||| 00| 0 eng d a9781111972264 aQA402b.S3516 aSatzinger, John W. aIntroduction to Systems Analysis and Design/ban agile, iterative approachcJohn W. Satzinger, Robert B. Jackson & Stephen D. Burd a6th Ed.binternational edition aAustraliabCourse Technology Cengage Learningc2012 axxv.492p.bill. some colorc27.5cm 2system analysis and design aJackson, Robert B. aBurd, Stephen D.